Mort Subite - Kpop Artistes de JYP Entertainement - Statistiques

Statistiques générales
  • Ce quiz a été pris 694 fois
  • Le résultat moyen est 8 sur 13
Answers on the Grid
Answers color-coded by a green-red scale on the quiz's grid according to % correct below.
2PM
Twice
J. Y. Park
Nmixx
Itzy
Stray Kids
KickFlip
Boy Story
Vcha
Xdinary Heroes
Day6
NiziU
Nexz
Xikers
Brown eyed girls
Le Sserafim
Kard
Blackpink
Btob
I-dle
WayV
Seventeen
Badvillain
Block B
 
Statistiques - réponses
Réponse % Correct
Stray Kids
85%
Twice
83%
J. Y. Park
79%
Itzy
76%
Nmixx
73%
Day6
61%
Xdinary Heroes
61%
2PM
60%
Vcha
59%
KickFlip
57%
NiziU
54%
Nexz
41%
Boy Story
28%
Aucun quiz correspondant
Distribution des résultats
% des personnes avec chaque résultat
Percentile par nombre de réponses
Votre historique - résultats
Vous n’avez pas pris ce quiz